Définitions SES pour le BAC 1- Click Quiz - Statistiques

Statistiques générales
  • Ce quiz a été pris 735 fois
  • Le résultat moyen est 10 sur 23
Statistiques - réponses
Hint Réponse % Correct
Ensemble de règles organisant la société ou certaines de ses instances Institution
69%
Selon Schumpeter, peut se définir comme une série d’étapes durant lesquelles les innovations s’accompagnent de la création de nouvelles activités mais au détriment de la disparition ou du déclin d’autres activités Processus de destruction créatrice
67%
L’ensemble des aptitudes des mains-d’œuvres (physique et intellectuelle) Le capital humain
60%
Ressources dont le stock ne se reconstitue pas Non renouvenable
59%
Produire de moins en moins de biens et services Décroissance
57%
Ensemble des éléments qui sont combinés durant l’activité économique pour produire des biens et services. (capital, travail) facteur de production
54%
Chiffre d’affaires – couts intermédiaires Valeur ajoutée
54%
Tout ce dont possède l’état Le capital public
51%
Augmentation soutenue pendant une période longue de la production d’un pays Croissance
49%
Développement qui répond aux besoins des générations du présent sans compromettre la capacité des générations futures de répondre aux leurs. Développement durable
49%
Indicateur chiffré qui évalue la capacité d’un écosystème à reconstituer ses réserves et à absorber les déchets issus de leur consommation Biocapacité
45%
Met l’accent sur les entreprises privées, une bonne et grande partie du profit est réinvesti dans l’accumulation de capital Capitalisme
42%
Le stock de progrès techniques Le capital technologique
42%
Croissance rendue majoritairement possible par l’augmentation des progrès techniques Croissance intensive
40%
(Consommation finale + formation brute de capital fixe + exportation + variation des stocks) Calcul du PIB pour les emplois
38%
Croissance rendue majoritairement possible par l’augmentation de la qualité des facteurs de production Croissance extensive
37%
Contexte écologique global, c’est-à-dire l’ensemble des conditions physiques, chimiques, biologiques, climatiques, géographiques et culturelles au sein desquelles se développent les organismes vivants Environnement
36%
Courant selon lequel il ne faut plus exploiter les ressources Ecologie profonde
34%
Stocks qui disposent d’un taux de régénération supérieur à ceux que l'on utilise Renouvelable
34%
Tous les capitaux sont substituables à un model durable si on maintient un niveau global de capitaux, si un capital est dégradé on compensera avec un autre Soutenabilité faible
19%
La croissance est possible si on ne dégrade pas le capital naturel et donc ce sont les autres capitaux qui sont source de croissance Soutenabilité forte
16%
Pensée selon laquelle le capital naturel est un stock de ressources que l’on peut épuiser librement, la science trouvera une solution prochaine La croissance techno optimiste
15%
On exploite autant que l’on veut car il existera toujours une solution Techno optimiste
14%
Aucun quiz correspondant
Distribution des résultats
% des personnes avec chaque résultat
Percentile par nombre de réponses
Votre historique - résultats
Vous n’avez pas pris ce quiz